| 000 | 00375cam a22001337a 4500 | ||
|---|---|---|---|
| 008 | 180718b1967 xxu||||| |||| 00| 0 eng d | ||
| 082 | _aT471x42 M551 | ||
| 100 | _aMerrett, A.J. | ||
| 245 |
_aEquity issues and the London capital market _cby A.J. Merrett... [et. al] |
||
| 260 |
_aLondon _bLongmans _c1967 |
||
| 300 | _a238p. | ||
| 650 | _aHowe, H. | ||
| 650 | _aInvestment - UK | ||
| 999 |
_c373883 _d373883 |
||